000 00635nam a22002057a 4500
003 OSt
005 20150408114116.0
008 130205s 2013jo ||||f |||| 00| 0 are d
040 _aMa-un
082 _221
_a333
_bط أ إ
100 _aالطويل، أكرم أحمد.
_920807
245 _aإدارة الموارد /
_cأكرم أحمد الطويل.
250 _aط. 1.
260 _aعمان، الاردن :
_bدار زهران،
_c2013.
300 _a381 ص.؛
_c24 سم.
504 _aببليوجرافية : ص 377-381.
650 _989
_aالادارة
650 _91734
_aمقاومة المواد
942 _2ddc
_cBOOK
999 _c27637
_d262137